Linear algebra and learning from data

This book provides a comprehensive introduction to linear algebra, emphasizing conceptual understanding and practical applications. It covers fundamental topics such as vectors, matrices, determinants, eigenvalues, eigenvectors, and linear transformations. Real-world applications in engineering, com...

সম্পূর্ণ বিবরণ

সংরক্ষণ করুন:
গ্রন্থ-পঞ্জীর বিবরন
প্রধান লেখক: Strang, Gilbert
বিন্যাস: গ্রন্থ
ভাষা:Vietnamese
প্রকাশিত: Wellesley, Massachusetts Wellesley-Cambridge Press 2019
বিষয়গুলি:
ট্যাগগুলো: ট্যাগ যুক্ত করুন
কোনো ট্যাগ নেই, প্রথমজন হিসাবে ট্যাগ করুন!
Thư viện lưu trữ: Thư viện Trường Đại học Nam Cần Thơ
LEADER 01173nam a22002057a 4500
001 NCT_4_028990
008 251120b xxu||||| |||| 00| 0 vie d
999 |c 9452  |d 9452 
020 |a 9780692196380 
082 0 4 |2 23rd ed.  |a 512.5  |b S897 
100 1 |a Strang, Gilbert 
245 1 0 |a Linear algebra and learning from data  |c Gilbert Strang 
260 |a Wellesley, Massachusetts  |b Wellesley-Cambridge Press  |c 2019 
300 |a xiii, 432 p.  |b ill.  |c 24 cm 
504 |a Includes bibliographical references and index 
520 3 |a This book provides a comprehensive introduction to linear algebra, emphasizing conceptual understanding and practical applications. It covers fundamental topics such as vectors, matrices, determinants, eigenvalues, eigenvectors, and linear transformations. Real-world applications in engineering, computer science, and data analysis are included to illustrate the relevance of linear algebra.  
653 |a Cơ bản - Toán học 
942 |2 ddc  |c BK 
952 |0 0  |1 0  |2 ddc  |4 0  |6 512_500000000000000_S897  |7 0  |9 31594  |a 000001  |b 000001  |d 2025-11-20  |o 512.5 S897  |p MD.24596  |r 2025-11-20  |w 2025-11-20  |y BK 
980 |a Thư viện Trường Đại học Nam Cần Thơ